LEADER 01042nam0 22003133i 450 001 RML0478033 005 20231121125804.0 010 $a9788807812378 100 $a20211005d2007 ||||0itac50 ba 101 | $aita 102 $ait 181 1$6z01$ai $bxxxe 182 1$6z01$an 200 1 $a˜I œracconti$fGiuseppe Tomasi di Lampedusa 205 $a13. ed 210 $aMilano$cFeltrinelli$d2007 215 $a155 p.$d20 cm. 225 | $aUniversale economica$v1237 410 0$1001CFI0001103$12001 $aUniversale economica$v1237 676 $a853.914$9Narrativa italiana. 1945-1999.$v22 700 1$aTomasi di Lampedusa$b, Giuseppe$3CFIV055692$4070$0192088 801 3$aIT$bIT-01$c20211005 850 $aIT-FR0017 899 $aBiblioteca umanistica Giorgio Aprea$bFR0017 $eN 912 $aRML0478033 950 0$aBiblioteca umanistica Giorgio Aprea$d 52DGA L 82$e 52SBA0000269635 VMB RS $fA $h20211005$i20211005 977 $a 52 996 $aRacconti$9146928 997 $aUNICAS